000 00484nam a22001817a 4500
003 BD-ChCU
005 20251118140915.0
008 251118b bg ||||| |||| 00| 0 ben d
040 _cBD-ChCU
082 _a330.1 SPE
100 _aSpahr, Walter E. ed
_916394
245 _aEconomic principles and problems.//
_cWalter E. Spahr.
250 _a4th ed.
260 _aNew York
_bFarrar & Rinehart.
_c1940
300 _aVol 1 & 2
650 0 _aEconomics.
_916396
942 _2ddc
_cBK
_n0
999 _c109569
_d109569